| 000 | 00957nam a22002537a 4500 | ||
|---|---|---|---|
| 999 |
_c63466 _d63466 |
||
| 005 | 20240530110642.0 | ||
| 008 | 171024s2015 ua h f b 000 0 ara d | ||
| 017 |
_a2014/5873 _bمصر. دار الكتب |
||
| 020 | _a9789773500636 | ||
| 040 |
_aEG-CaGPL _cEG-CaGPL |
||
| 082 | 0 | 4 |
_221 _a746.44 / _bص د |
| 100 | 0 | _aصفية عبدالعزيز | |
| 245 | 1 | 0 |
_aدليل المصور الى الخياطة والتطريز اليدوى / _cاعداد صفية عبدالعزيز ، انعام محمد السيد |
| 250 | _aط. 1 | ||
| 260 |
_aالقاهرة : _bدار الكتاب الحديث ، _c2015. |
||
| 300 |
_a377 ص. : _bصور ؛ _c24 سم. |
||
| 504 | _aيشتمل على ارجاعات ببليوجرافية | ||
| 650 | 0 | 7 |
_2qrmak _aالتطريز |
| 650 | 0 | 7 |
_2qrmak _aالحياكة |
| 650 | 0 | 7 |
_2qrmak _aشغل الابرة |
| 650 | 0 | 7 |
_2qrmak _aالكروشية |
| 942 |
_2ddc _cBK |
||